000
00344 a2200157 4500
001
75625
020
_a
9788576662402
040
_c
Anchieta - Colégio São Paulo
100
_a
Índigo
240
1
0
_a
Chega de sujeira:
_l
por
245
1
0
_a
Chega de sujeira:
300
_a
[24]
362
0
_a
2005
650
4
_a
Literatura infantil
942
_c
BK
999
_c
75625
_d
75625